| Tag |
First Indicator |
Second Indicator |
Subfields |
| LEADER |
00000cam a2200000 a 4500 |
| 001 |
in00001027113 |
| 005 |
20150928120424.0 |
| 008 |
910730s1991 ctua j b 0010 eng d |
| 020 |
|
|
|a 1562940511
|
| 035 |
|
|
|a (OCoLC)24151348
|
| 035 |
|
|
|9 AFF6165AM
|
| 040 |
|
|
|a SVP
|c SVP
|d UtOrBLW
|
| 049 |
|
|
|a TXAM
|
| 090 |
|
|
|a DS79.72
|b .B72 1991
|
| 100 |
1 |
|
|a Bratman, Fred.
|
| 245 |
1 |
0 |
|a War in the Persian Gulf /
|c Fred Bratman.
|
| 250 |
|
|
|a 1st ed.
|
| 264 |
|
1 |
|a Brookfield, Conn. :
|b Millbrook Press,
|c [1991]
|
| 264 |
|
4 |
|c ©1991
|
| 300 |
|
|
|a 64 pages :
|b illustrations (some color) ;
|c 24 cm.
|
| 336 |
|
|
|a text
|b txt
|2 rdacontent
|
| 337 |
|
|
|a unmediated
|b n
|2 rdamedia
|
| 338 |
|
|
|a volume
|b nc
|2 rdacarrier
|
| 490 |
1 |
|
|a Headliners
|
| 504 |
|
|
|a Includes bibliographical references and index.
|
| 520 |
|
|
|a Discusses the Iraqi invasion of Kuwait; historical background on Iraq, Kuwait and the Persian Gulf region; biographical information on Saddam Hussein; U.N. and U.S. actions; and the Persian Gulf War.
|
| 650 |
|
0 |
|a Persian Gulf War, 1991
|v Juvenile literature.
|
| 650 |
|
0 |
|a Operation Desert Shield, 1990-1991
|v Juvenile literature.
|
| 651 |
|
0 |
|a Iraq
|x History
|y 1958-
|v Juvenile literature.
|
| 600 |
1 |
0 |
|a Hussein, Saddam,
|d 1937-2006
|v Juvenile literature.
|
| 610 |
2 |
0 |
|a United Nations
|v Juvenile literature.
|
| 651 |
|
0 |
|a Iraq
|x History
|y 1958-1979
|v Juvenile literature.
|
| 830 |
|
0 |
|a Headliners.
|
| 999 |
|
|
|a MARS
|
| 999 |
f |
f |
|s e56bb952-1618-3318-885d-ef5d688c96cf
|i 75a3dc7c-c071-3ada-b806-e783c823b075
|t 0
|
| 952 |
f |
f |
|p ric
|a Texas A&M University
|b Rellis Campus
|c Joint Library Facility
|d Remote Storage
|t 0
|e DS79.72 .B72 1991
|h Library of Congress classification
|i unmediated -- volume
|m A14815275722
|
| 998 |
f |
f |
|a DS79.72 .B72 1991
|t 0
|l Remote Storage
|